První slovník slangů a kolokvialismů

Salvato in:
Dettagli Bibliografici
Natura: Libro
Lingua:ceco
Pubblicazione: Praha A. Neubert 1947
Tags: Aggiungi Tag
Nessun Tag, puoi essere il primo ad aggiungerne!!

MARC

LEADER 00000nam a2200000 4500
001 0268831
005 20240822101712.0
041 0 |a cze 
044 |a -CS 
245 1 0 |a První slovník slangů a kolokvialismů 
264 1 |a Praha  |b A. Neubert  |c 1947